Riego localizado y fertirrigación
Gespeichert in:
| 1. Verfasser: | |
|---|---|
| Format: | Buch |
| Sprache: | Spanisch |
| Veröffentlicht: |
Madrid
Mundi-Prensa
2002
|
| Ausgabe: | 3a. ed |
| Schlagworte: | |
| Tags: |
Tag hinzufügen
Keine Tags, Fügen Sie den ersten Tag hinzu!
|
MARC
| LEADER | 00000nam a2200000 a 4500 | ||
|---|---|---|---|
| 001 | UCI0414 | ||
| 003 | CL-VaPUC | ||
| 008 | 070511e20020000SP |||||||||||||||||spa|d | ||
| 020 | |a 8484760529 | ||
| 082 | 0 | 4 | |a 631.7 |b MOY |2 21 |
| 100 | |a Moya Talens, Jesús Antonio |e autor |9 520530 | ||
| 245 | 1 | 0 | |a Riego localizado y fertirrigación |
| 250 | |a 3a. ed | ||
| 300 | |a 534 p | ||
| 942 | |c BK | ||
| 945 | |d 20070511 00:00:00 |a cmena | ||
| 260 | |a Madrid |b Mundi-Prensa |c 2002 | ||
| 650 | 0 | |a Riego |9 259685 | |
| 650 | 0 | |a Agua del suelo |9 348474 | |
| 650 | 7 | |a TECNICAS DE RIEGO |2 CL-VaPUC |9 380197 | |
| 650 | 7 | |a TEMPERATURA |2 CL-VaPUC |9 520531 | |
| 650 | 0 | |a Sistemas de riego |9 362150 | |
| 650 | 0 | |a Agua de riego |9 260487 | |
| 650 | 0 | |a Fertilización |9 259681 | |
| 583 | |a last modification |c 20130305 10:20:46 |k Rodrigo Vera | ||
| 999 | |c 325581 |d 325579 | ||
| 952 | |0 0 |1 0 |4 0 |6 631_700000000000000_MOY_2002 |7 0 |8 A |9 406573 |a BIBAGR |b BIBAGR |d 2019-11-22 |i 4338146 |l 2 |o 631.7 MOY 2002 |p 4338146 |r 2025-01-20 |s 2022-03-31 |w 2019-11-22 |y BK |k AGR | ||